Starting economics / (Record no. 123570)

MARC details
000 -LEADER
fixed length control field 00714nam a22002537a 4500
005 - DATE AND TIME OF LATEST TRANSACTION
control field 20170124105927.0
010 ## - LIBRARY OF CONGRESS CONTROL NUMBER
LC control number 970524
020 ## - INTERNATIONAL STANDARD BOOK NUMBER
Terms of availability 00
International Standard Book Number 0717505421
035 #h - SYSTEM CONTROL NUMBER
System control number 970524
037 ## - SOURCE OF ACQUISITION
Source of stock number/acquisition Cen Lib/Ret
040 ## - CATALOGING SOURCE
Original cataloging agency DPL
Language of cataloging EN
082 ## - DEWEY DECIMAL CLASSIFICATION NUMBER
Classification number 330
Item number DAV
100 ## - MAIN ENTRY--PERSONAL NAME
Personal name Davies, F.
9 (RLIN) 6929
245 ## - TITLE STATEMENT
Title Starting economics /
Statement of responsibility, etc by F. Davies; illustrated by R. Fishw
246 ## - VARYING FORM OF TITLE
Remainder of title
260 ## - PUBLICATION, DISTRIBUTION, ETC. (IMPRINT)
Name of publisher, distributor, etc Hulton Educatonal publications
Date of publication, distribution, etc 1970
Place of publication, distribution, etc Bucks
270 ## - ADDRESS
City Bucks
Address raans road
300 ## - PHYSICAL DESCRIPTION
Extent 144p. ;
Dimensions 22cm(Hb)
Other physical details ill.
500 ## - GENERAL NOTE
General note Includes index
650 ## - SUBJECT ADDED ENTRY--TOPICAL TERM
Topical term or geographic name as entry element Economics -- Secondary school texts
9 (RLIN) 72916
650 ## - SUBJECT ADDED ENTRY--TOPICAL TERM
Topical term or geographic name as entry element Economics
9 (RLIN) 72917
700 ## - ADDED ENTRY--PERSONAL NAME
Personal name Fishw, R.
9 (RLIN) 6933
942 ## - ADDED ENTRY ELEMENTS (KOHA)
Source of classification or shelving scheme Dewey Decimal Classification
Koha item type English Books
Classification part 330
Call number suffix DAV
Holdings
Withdrawn status Lost status Damaged status Not for loan Home library Current library Date acquired Source of acquisition Cost, normal purchase price Total Checkouts Full call number Barcode Date last seen Copy number Cost, replacement price Price effective from Koha item type Public note
Written off       Central Library Central Library 08/06/2015 Cen Lib/Ret 0.00   330 DAV 970524 08/06/2015 1 0.00 08/06/2015 English Books Written off on approval by DLB (By Circulation); dtd 15-06-2023

© Delhi Public Library
Hit Counter
free hit counter